01238cam a2200277 a 450000500170000000800410001702000150005804100080007310000210008124500960010225000110019826000440020930000110025350001610026465300330042565300420045865300320050065300660053265300530059865300890065165300470074065300530078765300450084065300440088570000310092920240624114050.0100701s2001||||ag f |||| 00| 0 spa d a9508921137 aspa1 aTobar, Federico. aOrganizaciones solidarias.bGestión e innovación en el tercer sector / cFederico Tobar a1a ed. aBuenos Aires: bLugar Editorial;c2001. a154 p. aTobar, F. y Fernández Pardo, C. (2001). Organizaciones solidarias. Gestión e innovación en el tercer sector. (1a ed.). Buenos Aires : Lugar Editorial. aDinámica del cambio social aTercer sector como nuevo actor social aDefiniendo al tercer sector aHacia un marco teórico para el análisis del tercer sector aOrganizaciones del tercer sector en la Argentina aHacia un marco teórico para el análisis de los nuevos desafíos de la gestión aDesafios en la gestión del tercer sector aReconversión y reingeniería organizacionales aInnovación y organizaciones solidarias aCómo crear organizaciones solidarias?1 aFernández Pardo, Carlos.